Statistics for Simpsons, Flanders Family Tree

Click here to take the quiz!

General Stats

  • This quiz has been taken 29 times
  • The average score is 5 of 9

Answer Stats

HintAnswer% Correct
FatherNed
100%
SonRod
100%
SonTodd
100%
Mother (now deceased)Maude
86%
Wife (now deceased)Edna
71%
Vegas WifeGinger
33%
GrandmotherAgnes
14%
GrandfatherNedward
14%
AuntNediana
10%

Score Distribution

Percentile by Number Answered

Percent of People with Each Score

Your Score History

You have not taken this quiz